| 000 | 00377nam a22001337a 4500 | ||
|---|---|---|---|
| 008 | 231208b |||||||| |||| 00| 0 eng d | ||
| 020 | _a9982300652 | ||
| 050 | _aDT 8753.K4 Mwa | ||
| 100 |
_91335 _aMwanakatwe, John M. |
||
| 245 |
_aEnd of Kaunda era _b/ by John M. Mwanakatwe |
||
| 260 |
_aLusaka : _bMultimedia _c1994 |
||
| 300 | _aiii, 302 pages : illustrations | ||
| 942 | _2lcc | ||
| 999 |
_c83592 _d83592 |
||